Breve reseña de la epidemia de fiebre amarilla padecida en el lazareto de Mahon en el año de 1870 / por el primer médico de la armada encargado de las enfermerías apestadas Rafael Gras
Descripción Física:
29 p. ; 21 cm
MARC
| LEADER | 00000nam a2200000Ia 4500 | ||
|---|---|---|---|
| 001 | 12787 | ||
| 008 | 160829s9999 xx 000 0 cat d | ||
| 080 | |a RF-4-14 | ||
| 100 | |a Gras, Rafael |9 42518 | ||
| 245 | |a Breve reseña de la epidemia de fiebre amarilla padecida en el lazareto de Mahon en el año de 1870 / por el primer médico de la armada encargado de las enfermerías apestadas Rafael Gras | ||
| 260 | |a Maó : |b [s.n.] Imp. de M. Parpal, [1871] | ||
| 300 | |a 29 p. ; |c 21 cm | ||
| 590 | |a Prové de R-291, exp. 1 | ||
| 650 | |a Febre groga |x Maó |x 1870 |9 42519 | ||
| 650 | |a Epidèmies |x Maó |x 1870 |9 42520 | ||
| 856 | 4 | |u https://media.diba.cat/diba/fitxers/arxiu/fulletons/bib_12787_1871_baixa.pdf |y Accés lliure | |
| 856 | 4 | |u https://media.diba.cat/diba/fitxers/arxiu/fulletons/bib_12787_1871_baixa.pdf |y Accés lliure | |
| 901 | |a Arxiu | ||
| 942 | |n 1 |2 udc | ||
| 952 | |0 0 |1 0 |4 0 |6 RF414 |7 1 |9 50882 |a Arxiu |b Arxiu |d 2016-12-01 |l 0 |o RF-4-14 |p 12787 |r 2016-12-01 00:00:00 |w 2016-12-01 |y ARXIU | ||
| 999 | |c 54724 |d 54724 | ||
| 900 | |a bib_12787_1871_baixa.pdf | ||